LIBRARY & INFORMATION CENTRE, KCAET, TAVANUR

ONLINE PUBLIC ACCESS CATALOGUE (OPAC)

Limit state Design in Structural Steel (Record no. 14122)

MARC details
000 -LEADER
fixed length control field 00349nam a22001337a 4500
020 ## - INTERNATIONAL STANDARD BOOK NUMBER
ISBN 9788120341043
082 ## - DEWEY DECIMAL CLASSIFICATION NUMBER
Classification number 624.1821
Item number SHI/LI
100 ## - MAIN ENTRY--AUTHOR NAME
Personal name Shiyekar, M R
245 ## - TITLE STATEMENT
Title Limit state Design in Structural Steel
260 ## - PUBLICATION, DISTRIBUTION, ETC. (IMPRINT)
Place of publication New Delhi
Name of publisher PHI learning Pvt Ltd
Year of publication 2011
300 ## - PHYSICAL DESCRIPTION
Number of Pages 405
650 ## - SUBJECT ADDED ENTRY--TOPICAL TERM
Topical Term Structural steel design
942 ## - ADDED ENTRY ELEMENTS (KOHA)
Koha item type Books
Holdings
Withdrawn status Lost status Damaged status Home library Current library Date acquired Full call number Accession Number Koha item type
      KAUAET KAUAET 26/08/2022 624.1821 SHI/LI 24072 Books
free website counter